| 000 | 005230000a22001930004500 | ||
|---|---|---|---|
| 020 | _a0-13-386-525-8 | ||
| 041 | 0 | _aENG | |
| 082 | 0 | 4 | _aG 361.32019 B8156i |
| 100 | 1 | _aBrammer, Lawrence M. | |
| 245 | 1 | 0 | _aThe helping relationship : Process and skills / Lawrence M. Brammer |
| 250 | _a4 | ||
| 260 | _aEnglewood Cliffs, N.J., USA : Prentice Hall | ||
| 300 | _a181 Pag | ||
| 001 | 9756 | ||
| 942 | _cBK | ||
| 999 |
_c39610 _d39610 |
||
| 336 |
_atexto _btxt _2rdacontent |
||
| 337 |
_2rdamedia _asin mediación _bn |
||
| 338 |
_2rdacarrier _avolumen _bnc |
||